Итоги. Проблемы. Перспективы : Обсуждались на отчетном собрании; Репутация плюс качество; № 1 (4)

Manylion Llyfryddiaeth
Parent link:Репутация плюс качество: научно-практический журнал.— , 2004-
№ 1 (4).— 2004.— С. 12-14
Prif Awdur: Кириллов Н. П. Николай Петрович
Crynodeb:В фонде НТБ ТПУ отсутствует
Iaith:Rwseg
Cyhoeddwyd: 2004
Pynciau:
Fformat: MixedMaterials Pennod Llyfr
KOHA link:https://koha.lib.tpu.ru/cgi-bin/koha/opac-detail.pl?biblionumber=597582

MARC

LEADER 00000naa0a2200000 4500
001 597582
005 20250206163804.0
035 |a (RuTPU)RU\TPU\tpu\20895 
035 |a RU\TPU\tpu\20894 
090 |a 597582 
100 |a 20120316d2004 k||y0rusy50 ca 
101 0 |a rus 
102 |a RU 
200 1 |a Итоги. Проблемы. Перспективы : Обсуждались на отчетном собрании  |f Н. П. Кириллов 
333 |a В фонде НТБ ТПУ отсутствует 
461 |t Репутация плюс качество  |o научно-практический журнал  |d 2004- 
463 |t № 1 (4)  |v С. 12-14  |d 2004 
610 1 |a труды учёных ТПУ 
700 1 |a Кириллов  |b Н. П.  |c российский философ  |c доктор философских наук, профессор Томского политехнического университета  |c член-корреспондент Сибирского отделения Академии наук высшей школы  |c академик Академии проблем качества РФ  |f 1939-  |g Николай Петрович  |3 (RuTPU)RU\TPU\pers\21962  |9 9281 
801 1 |a RU  |b 63413507  |c 20120131 
801 2 |a RU  |b 63413507  |c 20120502  |g RCR 
942 |c CR